Forma't per treballar a la indústria : Ocupació a la indústria local Ocupació a la indústria local
Publicado:
Barcelona :
Diputació de Barcelona. Gerència de Serveis de Promoció Econòmica i Ocupació ,
2019
Descripción Física:
1 dític ; il. col. ; 15 x 21 cm
Materias:
Treballadors qualificats -- Formació
; Formació ocupacional -- Barcelona (Catalunya : Província)
Idioma:
Catalán
MARC
| LEADER | 00000nam a22000007a 4500 | ||
|---|---|---|---|
| 001 | 27578 | ||
| 003 | Arxiu | ||
| 005 | 20260324181156.0 | ||
| 008 | 230327b spa||||| |||| 00| 0 cat d | ||
| 017 | |a B 10023-2019 | ||
| 040 | |a agdb |b cat | ||
| 110 | |9 51078 |a Barcelona (Catalunya : Província). |b Gerència de Serveis de Promoció Econòmica i Ocupació | ||
| 245 | |a Forma't per treballar a la indústria : |b Ocupació a la indústria local | ||
| 260 | |a Barcelona : |b Diputació de Barcelona. Gerència de Serveis de Promoció Econòmica i Ocupació ; |c 2019 | ||
| 300 | |a 1 dític ; |b il. col. ; |c 15 x 21 cm | ||
| 650 | 0 | |9 56024 |a Treballadors qualificats |x Formació | |
| 650 | 0 | |9 34880 |a Formació ocupacional |x Barcelona (Catalunya : Província) | |
| 710 | |9 52903 |a Barcelona (Catalunya : Província). |b Àrea de Desenvolupament Econòmic Local | ||
| 942 | |2 udc |c ARXIU |n 1 | ||
| 952 | |0 0 |1 0 |2 udc |4 0 |6 FU74187 |7 1 |9 65795 |a Arxiu |b Arxiu |d 2023-03-27 |l 0 |o FU-74-187 |p 27578 |r 2023-03-27 00:00:00 |w 2023-03-27 |y ARXIU | ||
| 999 | |c 83240 |d 83240 | ||